| 000 | 00521 a2200193 4500 | ||
|---|---|---|---|
| 005 | 20260116161106.0 | ||
| 008 | 260115b |||||||| |||| 00| 0 eng d | ||
| 020 |
_a9789359776934 _cRs. 1495.00 |
||
| 040 | _aMAIN | ||
| 082 |
_a294.5 _bS23V |
||
| 100 | _aSharma, Deeksha | ||
| 245 | _aVedic way: Leadership and success through self-realization | ||
| 260 |
_bThe Readers Paradise _aNew Delhi _c2025 |
||
| 300 | _a295 | ||
| 650 | _aReligion | ||
| 650 | _aVedic Studies | ||
| 700 | _aPandey, Kapil | ||
| 942 | _cBK | ||
| 999 |
_c394315 _d394315 |
||